| 000 | 00713nam a2200229Ia 4500 | ||
|---|---|---|---|
| 003 | OSt | ||
| 005 | 20221006140630.0 | ||
| 006 | a|||||r|||| 00| 0 | ||
| 007 | ta | ||
| 008 | 221006b |||||||| |||| 00| 0 eng d | ||
| 024 | _a229 | ||
| 037 |
_bGift, Japan Foundation _cTextual |
||
| 040 |
_aEASL _cEASL _beng |
||
| 041 |
_2eng _aeng |
||
| 082 | _aN420gF.5, N6 | ||
| 100 |
_aSCREECH Timon _9643043 |
||
| 245 | 0 |
_aWestern scientific gaze and popular imagery in later Edo Japan _b The lens within the heart |
|
| 260 |
_aCambridge _bCambridge Univ. Press _c1996 |
||
| 300 |
_a305p. _ccm. |
||
| 942 |
_hN420gF.5, N6 _cTEXL _2CC |
||
| 999 |
_c1068316 _d1068316 |
||